| 000 | 00692nam a2200229 4500 | ||
|---|---|---|---|
| 003 | OSt | ||
| 005 | 20240624065213.0 | ||
| 006 | a | ||
| 008 | 240624b |||||||| |||| 00| 0 eng d | ||
| 020 | _a9789712719332 | ||
| 040 |
_aDWCL-Main lib. _cOC |
||
| 082 | _aFil. 303.34 B658 2007 | ||
| 245 | _aBlue way : Ateneo Graduate School of Business : case studies on leadership strategy, and ethics / | ||
| 260 |
_aPasig City : _bAnvil Pub. Inc. , _cc2007. |
||
| 300 |
_axii, _b357 p. ; _c23 cm. |
||
| 504 | _aIncludes index. | ||
| 650 | _a1. Leadership-case studies | ||
| 650 | _a2. Leadership. | ||
| 700 | _aJoseph I. Gonzales | ||
| 700 | _aJonathan Chua | ||
| 942 |
_2ddc _n0 _cBK - FIL _kFil. |
||
| 999 |
_c1239 _d1239 |
||